000 01530nam2a2200313 4500
001 RU\NLR\BIBL_A\012922936
005 20250624225650.0
010 _a978-5-7525-1868-7
_9500
035 _a(NLR Aleph) 012922936
090 _a12649858
_c12649858
100 _a20221027d2008 |||y0rusy50 ca
101 0 _arus
102 _aRU
200 1 _aБелая армия на Урале
_eисторические справки частей и соединений
_fВ.В. Дублённых
210 _d2008
_aБ. м.
215 _a382, [2] с.
_d20
320 _aБиблиогр. в конце ст.
461 0 _1001RU\NLR\INFOCOMM10\1000316058
_12001#$aУченые записки$fСвердл. обл. краевед. музей$vТ. 4
_94480863
_aСвердловский областной краеведческий музей (Екатеринбург)
_cЕкатеринбург
_d1996 -
_fСвердл. обл. краевед. музей
_nБанк. культур. информ.
_tУченые записки
_vТ. 4
606 1 _aГражданская война и военная интервенция в России
_yУрал
_z1918 - 1920
_92512542
_3RU\NLR\AUTH\661489357
606 1 _aБелые армии
_92099242
_3RU\NLR\AUTH\661269810
686 1 _aТ3(2)712.9-9(2Р36)
686 1 _aЦ35(2)712.271-4,2
686 1 _aЦ35(2)712.311-4,2
700 1 _aДублённых
_bВ. В.
_gВиктор Васильевич
852 _aNLR
_jП19/283
942 _cISSUE
980 _aNB
980 _aRUSPER